000 00489nam a2200181Ia 4500
008 230711s9999||||xx |||||||||||||| ||und||
020 _a978-93-81714-64-5
041 _aENG
082 _a664.8
_bLU-C
100 _aLuh, Bor Shiun
245 0 _aCommercial Vegetable Processing
250 _a2nd Ed.
260 _c2016
_aNew Delhi
_bMedtech Engaging-Sciences-Developing Minds
300 _a784p.
650 _aFood Science and Technology
700 _aWoodroof, Jasper Guy
942 _cBK
999 _c7428
_d7428